000 00583nam a2200193 a 4500
001 1770904870140
003 YourLibrary
005 20260213123713.0
008 260212s1995##################000#0#eng##
020 _a9780820420684
082 0 4 _a305.56709729
_bLUS
100 1 _aLuster, Robert E.,
_eauthor.
245 1 0 _aThe Amelioration of the Slaves in the British Empire, 1790-1833 :
260 _bPeter Lang Incorporated, International Academic Publishers,
_c1995.
300 _a208 pages
650 0 _aHistory.
942 _cENGLISH
040 _aYourLibrary
_beng
_cYourLibrary
999 _c612284
_d612284